[Event "Altenkirchen Seniors op 19th"]
[Site "Altenkirchen"]
[Date "2022.07.26"]
[Round "8"]
[White "Walther, Reinhard"]
[Black "Kurka, Dieter"]
[Result "0-1"]
[WhiteElo "1922"]
[BlackElo "2005"]
[PlyCount "56"]
[EventDate "2022.07.19"]
[EventType "swiss"]
[EventRounds "9"]
[EventCountry "GER"]
[SourceTitle "CBM 209 Extra"]
[Source "ChessBase"]
[SourceDate "2022.09.30"]
[SourceVersion "1"]
[SourceVersionDate "2022.09.30"]
[SourceQuality "1"]

1. d4 d5 2. Bf4 Nf6 3. e3 e6 4. Bd3 c5 5. c3 Nc6 6. Nd2 Bd6 7. Bg3 0-0 8. a3 b6 9. f4 Ne7 10. Ngf3 Nf5 11. Bf2 Be7 12. Ne5 Bb7 13. Ng4 Ne4 14. Qf3 Nfd6 15. 0-0-0 c4 16. Bc2 a5 17. h4 b5 18. Nxe4 Nxe4 19. Bxe4 dxe4 20. Qe2 Bd5 21. Kd2 b4 22. axb4 axb4 23. Ra1 Qb6 24. Qd1 bxc3+ 25. bxc3 Qb2+ 26. Qc2 Qxa1 27. Rxa1 Rxa1 28. Qb2 Rfa8 0-1

[Event "Mittelrhein Verbandsliga-W 18/19"]
[Site "Nordrheinwestfalen"]
[Date "2019.02.10"]
[Round "7.6"]
[White "Kiehn, Andreas"]
[Black "Kurka, Dieter"]
[Result "1/2-1/2"]
[WhiteElo "1780"]
[BlackElo "1885"]
[PlyCount "54"]
[EventDate "2018.09.02"]
[EventType "team-tourn"]
[EventRounds "11"]
[EventCountry "GER"]
[SourceTitle "EXT 2022"]
[Source "ChessBase"]
[SourceDate "2021.10.06"]
[SourceVersion "1"]
[SourceVersionDate "2021.10.06"]
[SourceQuality "1"]
[WhiteTeam "Pulheim"]
[BlackTeam "Koeln Lasker II"]
[WhiteTeamCountry "GER"]
[BlackTeamCountry "GER"]

1. d4 d5 2. c4 e6 3. Nc3 Nf6 4. Nf3 Be7 5. Bf4 0-0 6. e3 c5 7. cxd5 exd5 8. dxc5 Bxc5 9. a3 Be6 10. Rc1 Be7 11. Bd3 Nc6 12. Bb1 Qd7 13. h3 Rfd8 14. Nd4 Rac8 15. 0-0 Nxd4 16. Qxd4 b6 17. Ne2 Rc5 18. b4 Rc4 19. Qb2 Rdc8 20. Bd3 Rxc1 21. Rxc1 Ne8 22. Be5 Bf6 23. Bd4 Bxd4 24. Nxd4 Nd6 25. Rxc8+ Qxc8 26. Qc2 Qxc2 27. Bxc2 Nc4 1/2-1/2

[Event "Mittelrhein Verbandsliga-W 18/19"]
[Site "Nordrheinwestfalen"]
[Date "2018.12.16"]
[Round "5.5"]
[White "Schmitz, Rolf"]
[Black "Kurka, Dieter"]
[Result "1-0"]
[WhiteElo "2022"]
[BlackElo "1885"]
[PlyCount "77"]
[EventDate "2018.09.02"]
[EventType "team-tourn"]
[EventRounds "11"]
[EventCountry "GER"]
[SourceTitle "EXT 2022"]
[Source "ChessBase"]
[SourceDate "2021.10.06"]
[SourceVersion "1"]
[SourceVersionDate "2021.10.06"]
[SourceQuality "1"]
[WhiteTeam "Kerpen SK"]
[BlackTeam "Koeln Lasker II"]
[WhiteTeamCountry "GER"]
[BlackTeamCountry "GER"]

1. c4 Nf6 2. Nc3 e6 3. e4 d5 4. e5 Nfd7 5. d4 dxc4 6. Bxc4 Nb6 7. Bb3 Nc6 8. Nf3 Nb4 9. 0-0 N4d5 10. Ne4 Bd7 11. a3 h6 12. Ng3 Rc8 13. Nd2 Bb5 14. Re1 c5 15. a4 Bc6 16. dxc5 Bxc5 17. Nde4 Bf8 18. Qg4 g6 19. Rd1 Be7 20. Be3 Qc7 21. Bd4 Nd7 22. Nd6+ Kf8 23. Nxc8 Qxc8 24. Ne4 h5 25. Qg3 h4 26. Qg4 Rh5 27. Rac1 Qb8 28. f4 Rf5 29. Rf1 Ne3 30. Bxe3 Bxe4 31. Rfd1 Bc6 32. Bxe6 fxe6 33. Qxg6 Nb6 34. Qxe6 Qc8 35. Qh6+ Kg8 36. Qg6+ Kf8 37. Bd4 Nd5 38. e6 Rf6 39. Bxf6 1-0

[Event "Mittelrhein Verbandsliga-W 18/19"]
[Site "Nordrheinwestfalen"]
[Date "2018.11.18"]
[Round "4.6"]
[White "Bock, Luca"]
[Black "Kurka, Dieter"]
[Result "1/2-1/2"]
[WhiteElo "1739"]
[BlackElo "1885"]
[PlyCount "60"]
[EventDate "2018.09.02"]
[EventType "team-tourn"]
[EventRounds "11"]
[EventCountry "GER"]
[SourceTitle "EXT 2022"]
[Source "ChessBase"]
[SourceDate "2021.10.06"]
[SourceVersion "1"]
[SourceVersionDate "2021.10.06"]
[SourceQuality "1"]
[WhiteTeam "Herzogenrath"]
[BlackTeam "Koeln Lasker II"]
[WhiteTeamCountry "GER"]
[BlackTeamCountry "GER"]

1. e4 c6 2. d4 d5 3. Nc3 dxe4 4. Nxe4 Bf5 5. Ng3 Bg6 6. Nf3 e6 7. c3 Be7 8. Ne5 Nd7 9. Nxg6 hxg6 10. Qb3 Qc7 11. Be3 Ngf6 12. Bd3 Ng4 13. Bd2 Rxh2 14. Rxh2 Nxh2 15. Bxg6 fxg6 16. Qxe6 Nf6 17. Ne4 Nhg4 18. f3 Nxe4 19. Qxg6+ Kf8 20. Qxg4 Qg3+ 21. Qxg3 Nxg3 22. Bf4 Nf5 23. Kf2 Bd6 24. Be5 Bxe5 25. dxe5 Rd8 26. g4 Rd2+ 27. Ke1 Rh2 28. Rd1 Ng3 29. Rd2 Rh1+ 30. Kf2 Rh2+ 1/2-1/2

[Event "Rheinland Pfalz op Seniors 14th"]
[Site "Neustadt an der Weinstrasse"]
[Date "2016.07.22"]
[Round "7"]
[White "Hottes, Dieter"]
[Black "Kurka, Dieter"]
[Result "0-1"]
[WhiteElo "2126"]
[BlackElo "2052"]
[PlyCount "52"]
[EventDate "2016.07.16"]
[EventType "swiss"]
[EventRounds "9"]
[EventCountry "GER"]
[SourceTitle "EXT 2019"]
[Source "ChessBase"]
[SourceDate "2018.10.10"]
[SourceVersion "1"]
[SourceVersionDate "2018.10.10"]
[SourceQuality "1"]

1. c4 g6 2. Nc3 c5 3. g3 Bg7 4. Bg2 Nc6 5. e3 d6 6. Nge2 Bf5 7. d3 Qd7 8. h3 e5 9. a3 Nge7 10. b3 0-0 11. Bb2 Rab8 12. Qd2 a6 13. Nd5 b5 14. Nxe7+ Nxe7 15. d4 exd4 16. exd4 bxc4 17. bxc4 d5 18. g4 Be6 19. Rd1 dxc4 20. Bc3 Nd5 21. dxc5 Nxc3 22. Qxd7 Bxd7 23. Rxd7 Rb1+ 24. Kd2 Rb2+ 25. Ke3 Re8+ 26. Kf4 Nxe2+ 0-1

[Event "Rheinland Pfalz op Seniors 14th"]
[Site "Neustadt an der Weinstrasse"]
[Date "2016.07.18"]
[Round "3"]
[White "Hennrich, Reinhard"]
[Black "Kurka, Dieter"]
[Result "0-1"]
[WhiteElo "1832"]
[BlackElo "2052"]
[PlyCount "62"]
[EventDate "2016.07.16"]
[EventType "swiss"]
[EventRounds "9"]
[EventCountry "GER"]
[SourceTitle "EXT 2019"]
[Source "ChessBase"]
[SourceDate "2018.10.10"]
[SourceVersion "1"]
[SourceVersionDate "2018.10.10"]
[SourceQuality "1"]

1. d4 d5 2. Nf3 Nf6 3. c4 e6 4. Nc3 Be7 5. e3 0-0 6. Bd3 c6 7. 0-0 Nbd7 8. Re1 dxc4 9. Bxc4 c5 10. Bd3 a6 11. a4 Qc7 12. Qe2 Re8 13. a5 Bf8 14. Qc2 h6 15. Ra4 b5 16. axb6 Nxb6 17. Ra1 Bb7 18. Ne5 Rec8 19. Bd2 Bd6 20. f4 Nbd5 21. Nxd5 Nxd5 22. Ba5 Qe7 23. Bh7+ Kh8 24. Be4 cxd4 25. Qb3 dxe3 26. Rad1 Bc5 27. Kh1 Rab8 28. Qa2 Kg8 29. Qb1 Nf6 30. Bxb7 Qxb7 31. Re2 Qb5 0-1

[Event "Rheinland Pfalz op Seniors 14th"]
[Site "Neustadt an der Weinstrasse"]
[Date "2016.07.16"]
[Round "1"]
[White "Loehr, Hans Gerd"]
[Black "Kurka, Dieter"]
[Result "0-1"]
[WhiteElo "1700"]
[BlackElo "2052"]
[PlyCount "96"]
[EventDate "2016.07.16"]
[EventType "swiss"]
[EventRounds "9"]
[EventCountry "GER"]
[SourceTitle "EXT 2019"]
[Source "ChessBase"]
[SourceDate "2018.10.10"]
[SourceVersion "1"]
[SourceVersionDate "2018.10.10"]
[SourceQuality "1"]

1. e4 c5 2. Nc3 e6 3. f4 d5 4. Nf3 d4 5. Bb5+ Bd7 6. Bxd7+ Nxd7 7. Ne2 Ngf6 8. d3 Be7 9. 0-0 Qc7 10. Qe1 0-0 11. Ng3 Rfe8 12. Bd2 Bf8 13. h3 Rac8 14. c4 dxc3 15. Bxc3 Qxf4 16. Nh5 Nxh5 17. Ne5 Qg5 18. Nxd7 f6 19. Nxf8 Rxf8 20. Qf2 f5 21. Bd2 f4 22. Qf3 e5 23. Rad1 Ng3 24. Rf2 Qe7 25. b3 h5 26. Be1 Rc6 27. a3 b5 28. Rc2 h4 29. Bf2 Rfc8 30. Rdc1 a6 31. b4 c4 32. Bc5 Rxc5 33. bxc5 Qxc5+ 34. Kh2 c3 35. Rxc3 Qxc3 36. Rxc3 Rxc3 37. Qd1 Rxa3 38. Kg1 b4 39. Kf2 a5 40. Kf3 a4 41. Kg4 b3 42. Qb1 Ra2 43. Kg5 Rxg2 44. Kxh4 f3 45. Qa1 f2 46. Qxa4 f1Q 47. Qe8+ Kh7 48. Qxe5 Qf6+ 0-1

[Event "NRW Class1 1516"]
[Site "Germany"]
[Date "2016.02.14"]
[Round "6.8"]
[White "Bogorad, Michail"]
[Black "Kurka, Dieter"]
[Result "1-0"]
[WhiteElo "2041"]
[BlackElo "1976"]
[PlyCount "71"]
[EventDate "2015.09.27"]
[EventType "team-tourn"]
[EventRounds "9"]
[EventCountry "GER"]
[SourceTitle "EXT 2017"]
[Source "ChessBase"]
[SourceDate "2016.10.25"]
[SourceVersion "1"]
[SourceVersionDate "2016.10.25"]
[SourceQuality "1"]
[WhiteTeam "Wuppertal Bahn"]
[BlackTeam "Koeln Lasker"]
[WhiteTeamCountry "GER"]
[BlackTeamCountry "GER"]

1. e4 c5 2. Nc3 e6 3. g3 Nc6 4. Bg2 g6 5. f4 Nge7 6. Nf3 Bg7 7. d3 0-0 8. 0-0 Nd4 9. Nxd4 Bxd4+ 10. Kh1 d6 11. Ne2 Bg7 12. c3 Bd7 13. g4 Rb8 14. a4 d5 15. f5 exf5 16. gxf5 gxf5 17. exd5 Ng6 18. Ng3 f4 19. Bxf4 Nxf4 20. Rxf4 Be5 21. Rc4 b6 22. Qh5 f5 23. Rh4 Qe7 24. Re1 Rf7 25. d4 cxd4 26. cxd4 Qb4 27. Rxe5 Qxb2 28. Re1 Qd2 29. Rf1 Re8 30. Rhf4 Re1 31. Rxe1 Qxf4 32. Qd1 Qh4 33. d6 f4 34. Ne4 f3 35. Bxf3 Rxf3 36. Rg1+ 1-0

[Event "Wch Seniors 50 25th"]
[Site "Acqui Terme"]
[Date "2015.11.10"]
[Round "1"]
[White "Kurka, Dieter"]
[Black "Arkell, Keith C"]
[Result "0-1"]
[WhiteElo "2054"]
[BlackElo "2499"]
[PlyCount "110"]
[EventDate "2015.11.10"]
[EventType "swiss"]
[EventRounds "11"]
[EventCountry "ITA"]
[SourceTitle "CBM 169 Extra"]
[Source "ChessBase"]
[SourceDate "2015.12.18"]
[SourceVersion "1"]
[SourceVersionDate "2015.12.18"]
[SourceQuality "1"]

1. d4 Nf6 2. c4 e6 3. g3 c5 4. d5 exd5 5. cxd5 d6 6. Nc3 g6 7. Bg2 Bg7 8. Nf3 0-0 9. 0-0 Re8 10. Bf4 Ne4 11. Nxe4 Rxe4 12. Rb1 Bf5 13. Nd2 Rxf4 14. gxf4 Bxb1 15. Qxb1 Nd7 16. Nc4 Nb6 17. b3 Qd7 18. Ne3 Re8 19. Qd3 Qe7 20. Bf3 Nd7 21. Ng2 f5 22. e3 Nf6 23. a4 Qc7 24. Rc1 Qa5 25. Qc3 Qxc3 26. Rxc3 Ne4 27. Rc2 a6 28. Be2 Nc3 29. Bd3 b5 30. axb5 axb5 31. Nh4 Ra8 32. Nf3 Ra1+ 33. Kg2 Rd1 34. Nd2 Nb1 35. Nxb1 Rxd3 36. Nd2 Rxd5 37. Nf3 Rd1 38. Ra2 Ra1 39. Rd2 Ra6 40. Ng5 Bc3 41. Rc2 b4 42. Rc1 Ra1 43. Rxa1 Bxa1 44. Kf1 c4 45. Ke2 cxb3 46. Kd1 Bc3 47. f3 b2 48. Kc2 Bd2 49. Kxb2 Bxe3 50. Kb3 Bxf4 51. Ne6 Bxh2 52. Kxb4 Kf7 53. Ng5+ Ke7 54. Nxh7 Bf4 55. Kc4 Kf7 0-1

[Event "Schleswig Holstein-ch Seniors op 9th"]
[Site "Buesum"]
[Date "2015.09.30"]
[Round "3"]
[White "Kurka, Dieter"]
[Black "Mewes, Hans Dieter"]
[Result "1-0"]
[WhiteElo "2044"]
[BlackElo "1929"]
[PlyCount "81"]
[EventDate "2015.09.28"]
[EventType "swiss"]
[EventRounds "9"]
[EventCountry "GER"]
[SourceTitle "EXT 2018"]
[Source "ChessBase"]
[SourceDate "2017.10.13"]
[SourceVersion "1"]
[SourceVersionDate "2017.10.13"]
[SourceQuality "1"]

1. d4 Nf6 2. c4 e6 3. g3 d5 4. Nf3 b6 5. Bg2 Bb7 6. 0-0 Be7 7. cxd5 exd5 8. Nc3 0-0 9. Qc2 a6 10. Ne5 Nbd7 11. Rd1 Re8 12. Bf4 Nf8 13. Na4 Ne6 14. Be3 Bd6 15. Nc6 Qd7 16. Rac1 Nd8 17. Nxd8 Raxd8 18. Bg5 Qe6 19. Bxf6 Qxf6 20. e3 g5 21. Nc3 Qe6 22. Qb3 Bf8 23. a4 f5 24. a5 Qd6 25. axb6 cxb6 26. e4 fxe4 27. Nxe4 Qg6 28. Nc5 bxc5 29. Qxb7 cxd4 30. Bxd5+ Kh8 31. Bf7 Re7 32. Qxe7 Bxe7 33. Bxg6 hxg6 34. Rd3 Rd6 35. Rc7 Bf6 36. Kf1 g4 37. Rb3 Rd8 38. Ke2 Rf8 39. Rbb7 Kg8 40. Rc6 a5 41. Ra6 1-0

[Event "GER-chA Seniors 27th"]
[Site "Magdeburg"]
[Date "2015.08.23"]
[Round "9"]
[White "Kurka, Dieter"]
[Black "Braeu, Ludwig"]
[Result "1-0"]
[WhiteElo "2044"]
[BlackElo "1929"]
[PlyCount "79"]
[EventDate "2015.08.15"]
[EventType "swiss"]
[EventRounds "9"]
[EventCountry "GER"]
[SourceTitle "EXT 2018"]
[Source "ChessBase"]
[SourceDate "2017.10.13"]
[SourceVersion "1"]
[SourceVersionDate "2017.10.13"]
[SourceQuality "1"]

1. d4 g6 2. Nf3 Bg7 3. c4 c5 4. d5 d6 5. Nc3 Nf6 6. Bf4 0-0 7. h3 Na6 8. e4 Nc7 9. Be2 e6 10. dxe6 Nxe6 11. Bxd6 Re8 12. e5 Nd7 13. 0-0 b6 14. Bd3 Bb7 15. Nd5 f6 16. Be4 fxe5 17. Ne7+ Rxe7 18. Bxb7 Rf7 19. Bxa8 Qxa8 20. Qd5 Qxd5 21. cxd5 Nf4 22. Rad1 Nxh3+ 23. gxh3 Rxf3 24. Kg2 e4 25. Rfe1 Rd3 26. b3 Bc3 27. Rxd3 exd3 28. Rd1 Nf6 29. Rxd3 Bd4 30. a3 Nxd5 31. Kf3 Kf7 32. Be5 Bxe5 33. Rxd5 Ke6 34. Ke4 Bd6 35. a4 a5 36. h4 Bc7 37. h5 Bd6 38. hxg6 hxg6 39. Rg5 Kf6 40. Rg4 1-0

[Event "GER-chA Seniors 27th"]
[Site "Magdeburg"]
[Date "2015.08.16"]
[Round "2"]
[White "Kurka, Dieter"]
[Black "Hallmann, Eberhard"]
[Result "1-0"]
[WhiteElo "2044"]
[BlackElo "1912"]
[PlyCount "85"]
[EventDate "2015.08.15"]
[EventType "swiss"]
[EventRounds "9"]
[EventCountry "GER"]
[SourceTitle "EXT 2018"]
[Source "ChessBase"]
[SourceDate "2017.10.13"]
[SourceVersion "1"]
[SourceVersionDate "2017.10.13"]
[SourceQuality "1"]

1. d4 Nf6 2. c4 e5 3. dxe5 Ng4 4. Bf4 Nc6 5. Nf3 Bb4+ 6. Nc3 Qe7 7. Qd5 f6 8. exf6 Bxc3+ 9. bxc3 Nxf6 10. Qd3 d6 11. e3 0-0 12. Be2 a6 13. 0-0 Kh8 14. Qd1 Ne4 15. Nd4 Bd7 16. Bf3 Nc5 17. Qc2 Ne5 18. Bxe5 Qxe5 19. Nb3 Bc6 20. Bxc6 bxc6 21. Nxc5 Qxc5 22. Qa4 Rfb8 23. Rab1 Rb6 24. Rxb6 Qxb6 25. Qb4 Rb8 26. Rb1 a5 27. Qxb6 cxb6 28. Kf1 Kg8 29. Ke2 Kf7 30. f4 Ke6 31. e4 g6 32. g4 Rb7 33. Ke3 Rb8 34. Kd4 c5+ 35. Ke3 Rb7 36. a4 Rb8 37. g5 Rb7 38. Kf3 Rb8 39. Kg4 Rb7 40. Rd1 Rb8 41. f5+ Ke7 42. h4 Rg8 43. h5 1-0

[Event "Bayern-ch Seniors op 27th"]
[Site "Bergen"]
[Date "2015.06.15"]
[Round "5"]
[White "Kurka, Dieter"]
[Black "Roeder, Gerd"]
[Result "1-0"]
[WhiteElo "1931"]
[BlackElo "2047"]
[PlyCount "65"]
[EventDate "2015.06.15"]
[EventType "swiss"]
[EventRounds "9"]
[EventCountry "GER"]
[SourceTitle "EXT 2019"]
[Source "ChessBase"]
[SourceDate "2018.10.10"]
[SourceVersion "1"]
[SourceVersionDate "2018.10.10"]
[SourceQuality "1"]

1. d4 d5 2. c4 c6 3. Nf3 Nf6 4. Nc3 Bf5 5. cxd5 cxd5 6. Qb3 Qb6 7. Qxb6 axb6 8. Bf4 Nc6 9. e3 e6 10. Bb5 Bb4 11. 0-0 Bxc3 12. bxc3 Ke7 13. a4 Rhc8 14. Rfc1 Na5 15. Ra3 Nh5 16. Bg3 Nxg3 17. hxg3 h6 18. Nd2 Bg6 19. g4 Rc7 20. f3 Rac8 21. e4 Nc6 22. Re1 dxe4 23. fxe4 Na5 24. c4 Rd8 25. d5 f6 26. e5 exd5 27. exf6+ Kxf6 28. Rf3+ Kg5 29. Re5+ Kxg4 30. Nf1 Kh4 31. Nh2 Bf5 32. Rexf5 g5 33. Rh3# 1-0

[Event "Bayern-ch Seniors op 27th"]
[Site "Bergen"]
[Date "2015.06.15"]
[Round "6"]
[White "Roeder, Frank"]
[Black "Kurka, Dieter"]
[Result "1-0"]
[WhiteElo "2184"]
[BlackElo "1931"]
[PlyCount "73"]
[EventDate "2015.06.15"]
[EventType "swiss"]
[EventRounds "9"]
[EventCountry "GER"]
[SourceTitle "EXT 2019"]
[Source "ChessBase"]
[SourceDate "2018.10.10"]
[SourceVersion "1"]
[SourceVersionDate "2018.10.10"]
[SourceQuality "1"]

1. e4 e5 2. Nc3 Nf6 3. Bc4 Bc5 4. d3 h6 5. Be3 Bxe3 6. fxe3 c6 7. Nf3 d5 8. exd5 cxd5 9. Bb5+ Bd7 10. Nxe5 Bxb5 11. Nxb5 Qb6 12. Nd4 Nc6 13. Nexc6 bxc6 14. 0-0 c5 15. Nf5 0-0 16. Qf3 h5 17. Ne7+ Kh8 18. Nxd5 Nxd5 19. Qxd5 Qxb2 20. Qxc5 Rac8 21. Qxh5+ Kg8 22. c4 Qd2 23. Rf3 Qxd3 24. Rh3 f6 25. Rd1 Qxc4 26. Qh7+ Kf7 27. Rg3 Rg8 28. Rd7+ Ke6 29. Qh3+ f5 30. Rd1 g6 31. e4 Qc5+ 32. Kh1 Rcf8 33. Qh7 fxe4 34. Rg4 e3 35. Re4+ Kf5 36. Qh4 g5 37. Rf1+ 1-0

[Event "GER-chA Seniors 26th"]
[Site "Bad Neuenahr"]
[Date "2014.08.09"]
[Round "5"]
[White "Kurka, Dieter"]
[Black "Schulte Braeucker, Horst"]
[Result "1-0"]
[WhiteElo "2047"]
[BlackElo "2048"]
[PlyCount "49"]
[EventDate "2014.08.05"]
[EventType "swiss"]
[EventRounds "9"]
[EventCountry "GER"]
[SourceTitle "EXT 2018"]
[Source "ChessBase"]
[SourceDate "2017.10.13"]
[SourceVersion "1"]
[SourceVersionDate "2017.10.13"]
[SourceQuality "1"]

1. d4 g6 2. c4 Nf6 3. Nc3 Bg7 4. e4 d6 5. Nf3 0-0 6. Be2 e5 7. 0-0 exd4 8. Nxd4 Re8 9. f3 Nc6 10. Be3 Nh5 11. f4 Nf6 12. Bf3 Ng4 13. Bxg4 Bxg4 14. Qd2 Na5 15. Qd3 b6 16. Rae1 Bd7 17. f5 Nc6 18. b3 Nxd4 19. Bxd4 Bxd4+ 20. Qxd4 gxf5 21. Nd5 Re5 22. exf5 c6 23. Ne3 Qe7 24. Ng4 Rxe1 25. Nh6+ 1-0

[Event "GER-chA Seniors 26th"]
[Site "Bad Neuenahr"]
[Date "2014.08.06"]
[Round "2"]
[White "Meul, Willi"]
[Black "Kurka, Dieter"]
[Result "0-1"]
[WhiteElo "1880"]
[BlackElo "2047"]
[PlyCount "60"]
[EventDate "2014.08.05"]
[EventType "swiss"]
[EventRounds "9"]
[EventCountry "GER"]
[SourceTitle "EXT 2018"]
[Source "ChessBase"]
[SourceDate "2017.10.13"]
[SourceVersion "1"]
[SourceVersionDate "2017.10.13"]
[SourceQuality "1"]

1. d4 d5 2. Nf3 Nf6 3. e3 c6 4. Bd3 Bg4 5. c4 e6 6. Qb3 Bxf3 7. gxf3 Qc7 8. Nc3 Nbd7 9. f4 Be7 10. Bd2 Rc8 11. Rc1 Qb8 12. c5 b6 13. cxb6 axb6 14. a4 c5 15. dxc5 Nxc5 16. Qb5+ Nfd7 17. Ke2 0-0 18. Na2 Nxd3 19. Qxd3 Nc5 20. Qb5 Qb7 21. b4 Nb3 22. Rxc8 Rxc8 23. Rb1 Nxd2 24. Kxd2 d4 25. Rc1 dxe3+ 26. Kxe3 Rd8 27. a5 Bf6 28. f3 Bd4+ 29. Ke2 Qb8 30. a6 Qxf4 0-1

[Event "EU-chT Seniors"]
[Site "Sibenik"]
[Date "2014.04.05"]
[Round "5.12"]
[White "Kurka, Dieter"]
[Black "Laitinen, Martti"]
[Result "1-0"]
[WhiteElo "2028"]
[BlackElo "1770"]
[PlyCount "71"]
[EventDate "2014.04.01"]
[EventType "team-swiss"]
[EventRounds "9"]
[EventCountry "CRO"]
[SourceTitle "CBM 159 Extra"]
[Source "ChessBase"]
[SourceDate "2014.04.24"]
[SourceVersion "1"]
[SourceVersionDate "2014.04.24"]
[SourceQuality "1"]
[WhiteTeam "Germany Rheinland Seniors"]
[BlackTeam "Finland Seniors II"]
[WhiteTeamCountry "GER"]
[BlackTeamCountry "FIN"]

1. d4 Nf6 2. c4 g6 3. Nc3 Bg7 4. g3 0-0 5. Bg2 d6 6. Nf3 Nbd7 7. d5 Nc5 8. 0-0 e5 9. b4 Nce4 10. Bb2 Nxc3 11. Bxc3 Ne4 12. Bb2 f5 13. c5 Qe7 14. cxd6 cxd6 15. Rc1 b6 16. Ne1 Nf6 17. Nd3 Ne8 18. b5 Bb7 19. Nb4 e4 20. Bxg7 Qxg7 21. f3 Qe5 22. fxe4 fxe4 23. Rxf8+ Kxf8 24. Qf1+ Kg7 25. Rd1 Nc7 26. Qf4 Qxf4 27. gxf4 Nxb5 28. Rc1 a5 29. Nc6 Re8 30. e3 Nc7 31. Nxa5 Re7 32. Nxb7 Nxd5 33. Nxd6 Nxe3 34. Bxe4 Ra7 35. Ne8+ Kh6 36. Rc3 1-0

[Event "EU-ch Seniors 50 14th"]
[Site "Porto"]
[Date "2014.03.16"]
[Round "8"]
[White "Kierzek, Matthias"]
[Black "Kurka, Dieter"]
[Result "1-0"]
[WhiteElo "2251"]
[BlackElo "2045"]
[PlyCount "81"]
[EventDate "2014.03.09"]
[EventType "swiss"]
[EventRounds "9"]
[EventCountry "POR"]
[SourceTitle "CBM 159 Extra"]
[Source "ChessBase"]
[SourceDate "2014.04.24"]
[SourceVersion "1"]
[SourceVersionDate "2014.04.24"]
[SourceQuality "1"]

1. d4 d5 2. c4 e6 3. Nc3 Nf6 4. Bg5 Be7 5. e3 0-0 6. Nf3 h6 7. Bh4 Ne4 8. Bxe7 Qxe7 9. Rc1 c6 10. Bd3 Nxc3 11. Rxc3 dxc4 12. Rxc4 Nd7 13. 0-0 e5 14. Bc2 e4 15. Nd2 Nf6 16. Qb1 Be6 17. Rc3 Nd5 18. Rc5 f5 19. Bb3 Rae8 20. Nc4 Qg5 21. f4 exf3 22. Rxf3 f4 23. e4 Bg4 24. Rf2 b6 25. Rxc6 Nf6 26. Nd6+ Kh8 27. Nxe8 Rxe8 28. e5 Bf5 29. Bc2 Ng4 30. Bxf5 Nxf2 31. Kxf2 f3 32. Kxf3 Rf8 33. g4 g6 34. h4 Qxh4 35. Rxg6 Qh3+ 36. Ke2 Qg2+ 37. Ke3 Qg3+ 38. Kd2 Qf4+ 39. Kc3 a5 40. Qh1 Qe3+ 41. Kc2 1-0

[Event "EU-ch Seniors 50 14th"]
[Site "Porto"]
[Date "2014.03.15"]
[Round "7"]
[White "Kurka, Dieter"]
[Black "Patola, Eero"]
[Result "1/2-1/2"]
[WhiteElo "2045"]
[BlackElo "1844"]
[PlyCount "75"]
[EventDate "2014.03.09"]
[EventType "swiss"]
[EventRounds "9"]
[EventCountry "POR"]
[SourceTitle "CBM 159 Extra"]
[Source "ChessBase"]
[SourceDate "2014.04.24"]
[SourceVersion "1"]
[SourceVersionDate "2014.04.24"]
[SourceQuality "1"]

1. d4 Nf6 2. c4 e6 3. g3 c5 4. Nf3 cxd4 5. Nxd4 Bb4+ 6. Bd2 Bxd2+ 7. Nxd2 0-0 8. Bg2 d5 9. 0-0 Nc6 10. Nxc6 bxc6 11. Qa4 Qb6 12. b3 Rb8 13. Rac1 Qa6 14. Qxa6 Bxa6 15. Rfe1 Rfd8 16. Bf3 Kf8 17. h4 Bb7 18. g4 h6 19. g5 hxg5 20. hxg5 Nh7 21. g6 Nf6 22. gxf7 Kxf7 23. Kg2 e5 24. cxd5 cxd5 25. Rc7+ Rd7 26. Rec1 Rbd8 27. e3 Ke7 28. b4 Rxc7 29. Rxc7+ Rd7 30. Rxd7+ Kxd7 31. Nb3 Kd6 32. Kg3 Bc8 33. Kh4 Bf5 34. Bg2 Bc2 35. Nd2 Bd3 36. f4 Nd7 37. Kg4 exf4 38. exf4 1/2-1/2

[Event "EU-ch Seniors 50 14th"]
[Site "Porto"]
[Date "2014.03.13"]
[Round "5"]
[White "Kurka, Dieter"]
[Black "Hermes, Geoff R"]
[Result "0-1"]
[WhiteElo "2045"]
[BlackElo "1930"]
[PlyCount "70"]
[EventDate "2014.03.09"]
[EventType "swiss"]
[EventRounds "9"]
[EventCountry "POR"]
[SourceTitle "CBM 159 Extra"]
[Source "ChessBase"]
[SourceDate "2014.04.24"]
[SourceVersion "1"]
[SourceVersionDate "2014.04.24"]
[SourceQuality "1"]

1. d4 d6 2. Nf3 Bg4 3. Nc3 Nf6 4. Bg5 Nbd7 5. e4 c6 6. Be2 h6 7. Be3 e6 8. Nd2 Bxe2 9. Qxe2 Be7 10. 0-0 Qc7 11. a4 a5 12. Rac1 0-0 13. Kh1 Rfe8 14. f4 Bf8 15. e5 Nd5 16. Nce4 Nxe3 17. Qxe3 d5 18. Ng3 g6 19. c4 Qd8 20. Ne2 Nb6 21. c5 Nd7 22. g4 b6 23. f5 exf5 24. gxf5 g5 25. cxb6 Qxb6 26. Nf3 Bg7 27. Nxg5 Rxe5 28. Qg3 Rxe2 29. Nf3 Qb8 30. Ne5 Nxe5 31. Rg1 Ng4 32. Qxb8+ Rxb8 33. Rxg4 Kh7 34. Rxc6 Rbxb2 35. Ra6 Bxd4 0-1

[Event "EU-ch Seniors 50 14th"]
[Site "Porto"]
[Date "2014.03.12"]
[Round "4"]
[White "Pietinen, Pekka"]
[Black "Kurka, Dieter"]
[Result "1/2-1/2"]
[WhiteElo "1975"]
[BlackElo "2045"]
[PlyCount "113"]
[EventDate "2014.03.09"]
[EventType "swiss"]
[EventRounds "9"]
[EventCountry "POR"]
[SourceTitle "CBM 159 Extra"]
[Source "ChessBase"]
[SourceDate "2014.04.24"]
[SourceVersion "1"]
[SourceVersionDate "2014.04.24"]
[SourceQuality "1"]

1. e4 e5 2. Nf3 Nc6 3. Bb5 a6 4. Bxc6 dxc6 5. d4 exd4 6. Qxd4 Qxd4 7. Nxd4 Bd7 8. Be3 Nf6 9. f3 0-0-0 10. Nd2 c5 11. Ne2 h6 12. 0-0-0 Be7 13. Nf4 Rhe8 14. h4 Bc6 15. Bf2 Nd7 16. Nh5 g6 17. Nf4 Ne5 18. Nb3 b6 19. Nd3 Nxd3+ 20. Rxd3 Rxd3 21. cxd3 Ba4 22. Kb1 Rd8 23. Nc1 Bf6 24. b3 Bb5 25. Kc2 h5 26. a4 Bc6 27. Ne2 Be7 28. g4 c4 29. bxc4 Bxa4+ 30. Kc3 a5 31. d4 Bb4+ 32. Kd3 b5 33. Nc3 Bxc3 34. Kxc3 b4+ 35. Kd3 Be8 36. d5 Rd6 37. Ra1 Rf6 38. gxh5 gxh5 39. Ke2 a4 40. Bc5 b3 41. Ba3 Rg6 42. Kf2 Rb6 43. Rb1 Rg6 44. Rg1 Rb6 45. c5 Rb5 46. Rb1 c6 47. Ke3 cxd5 48. exd5 f6 49. Kd4 Bg6 50. Rb2 Bc2 51. Kc4 Rb8 52. Kd4 Kc7 53. c6 Re8 54. Bb4 Re5 55. Ba5+ Kd6 56. Bb4+ Kc7 57. Ba5+ 1/2-1/2